日本九州岛拓扑地图Topo-Map of Kyūshū Island, Japan - Statistics

General Stats
  • This quiz has been taken 26 times
  • The average score is 6 of 7
Answer Stats
答案 % Correct
熊本县
96%
鹿儿岛县
88%
长崎县
83%
福冈县
83%
宫崎县
83%
大分县
79%
佐贺县
75%
No matching quizzes found
Score Distribution
Percent of People with Each Score
Percentile by Number Answered
Your Score History
You have not taken this quiz